| 000 -LEADER |
| fixed length control field |
00697nam a2200169 4500 |
| 020 ## - INTERNATIONAL STANDARD BOOK NUMBER |
| ISBN |
9781032912967 |
| 082 ## - DEWEY DECIMAL CLASSIFICATION NUMBER |
| Classification number |
519.5 |
| Item number |
M575 2026 |
| 100 ## - MAIN ENTRY--AUTHOR NAME |
| Personal name |
Mertler, Craig A., author. |
| 245 ## - TITLE STATEMENT |
| Title |
Advanced and multivariate statistical methods : practical and interpretation / Craig A. Mertler, Rachel A. Vannatta, and Kristina N. LaVenia |
| 250 ## - EDITION STATEMENT |
| Edition statement |
Eighth edition. |
| 260 ## - PUBLICATION, DISTRIBUTION, ETC. (IMPRINT) |
| Place of publication |
New York, NY : |
| Name of publisher |
Routledge, |
| Year of publication |
©2026. |
| 300 ## - PHYSICAL DESCRIPTION |
| Number of Pages |
1 online resource, xii, 338 pages : |
| Other physical details |
illustrations (some color). |
| 500 ## - GENERAL NOTE |
| General note |
It includes bibliographical references and index. |
| 650 ## - SUBJECT ADDED ENTRY--TOPICAL TERM |
| Topical Term |
Social sciences—Statistical methods |
| 700 ## - ADDED ENTRY--PERSONAL NAME |
| Personal name |
Vannatta, Rachel A. and LaVenia, Kristina N., authors. |
| 942 ## - ADDED ENTRY ELEMENTS (KOHA) |
| Koha item type |
Electronic Books |